000 00652nam a2200217Ia 4500
003 BUBTL
008 151213s9999 xx 000 0 und d
020 _a9788131711279
082 _a621.31042/ K8476e/ 1991
100 _aKosow, Irving L.
_94324
245 _aElectric Machinery and Transformers /
_cIrving L. Kosow
250 _a2nd Edn.
260 _aIndia:
_bPearson,
_cc1991.
300 _axvi, 626 p.:
_bills.;
_c24 cm.
500 _aIncludes Index
505 _aElectric Machinery, Transformers, Irving L. Kosow
650 0 _aElectrical and Electronic Engineering
_94295
856 _k0
_l0
_yDownload
942 _2ddc
_cBK
999 _c3903
_d3903